Back To Bach (Record n. 98911)

Dettagli MARC
000 -LEADER
fixed length control field 01124njm a2200301Ia 4500
001 - CONTROL NUMBER
control field 64772
003 - CONTROL NUMBER IDENTIFIER
control field IT-RoPAU
005 - DATE AND TIME OF LATEST TRANSACTION
control field 20220918181110.0
008 - FIXED-LENGTH DATA ELEMENTS--GENERAL INFORMATION
fixed length control field 131025s9999 xx 000 0 und d
040 ## - CATALOGING SOURCE
Original cataloging agency IT-RoPAU
040 ## - CATALOGING SOURCE
Transcribing agency IT-RoPAU
999 ## - SYSTEM CONTROL NUMBERS (KOHA)
Koha Dewey Subclass [OBSOLETE] n.d.
100 ## - MAIN ENTRY--PERSONAL NAME
Personal name Malavasi Mauro
9 (RLIN) 23506
100 ## - MAIN ENTRY--PERSONAL NAME
Relator term Autore musica
9 (RLIN) 23507
100 ## - MAIN ENTRY--PERSONAL NAME
Miscellaneous information Codice autore musica SPICS: 20739
9 (RLIN) 23508
245 ## - TITLE STATEMENT
Title Back To Bach
250 ## - EDITION STATEMENT
Edition statement 1a ed.
260 ## - PUBLICATION, DISTRIBUTION, ETC. (IMPRINT)
Place of publication, distribution, etc. TORINO
260 ## - PUBLICATION, DISTRIBUTION, ETC. (IMPRINT)
Name of publisher, distributor, etc. FONIT CETRA
Date of publication, distribution, etc. 1987 [1a Ed.:1987 - Ed. Lingua Orig.: 1987]
300 ## - PHYSICAL DESCRIPTION
Extent DISCO
300 ## - PHYSICAL DESCRIPTION
Dimensions 34 minuti (Testo: pag.)
500 ## - GENERAL NOTE
General note Musica classica. Arrangiamento. Tutti i brani dono tratti dal repertorio di Bach.
505 ## - FORMATTED CONTENTS NOTE
Formatted contents note Aura (2:36) - Gitane (3:54) - Gulliver (2:52) - Sirene (2:35) - Primera (2:30) - Brandy's (2:52) - Aqua (4:29) - Snap (3:15) - Intermezzo (2:16) - Back To Bach (Medley)
650 ## - SUBJECT ADDED ENTRY--TOPICAL TERM
Topical term or geographic name as entry element ARRANGIAMENTO [DISCHI]
Relator term Codice MATERIA SPICS: 9950
9 (RLIN) 23509
700 ## - ADDED ENTRY--PERSONAL NAME
Personal name Aqua
Miscellaneous information Codice interprete SPICS: 22605
Relator term Interprete
9 (RLIN) 23510
700 ## - ADDED ENTRY--PERSONAL NAME
Personal name Bach Johann Sebastian
Relator term Autore
Miscellaneous information Codice autore SPICS: 9695
9 (RLIN) 23511
942 ## - ADDED ENTRY ELEMENTS (KOHA)
Koha item type DISCHI
Source of classification or shelving scheme Dewey Decimal Classification
Dati di copia
Withdrawn status Lost status Damaged status Not for loan Home library Current library Date acquired Total Checkouts Full call number Date last seen Price effective from Koha item type Public note
    Buone Condizioni Not For Loan SPICS-MEDIATECA SPICS-MEDIATECA 25/10/2013   64772 25/10/2013 25/10/2013 DISCHI Progr. Ins.: 16018 / N.Vol.: 1 / Copie: 1 - Copia rara: n.d. / date import: 01.01.2014 - By Epidotti, Trombetti, Vaglietti
CREDITS: SOCIETA' SAN PAOLO Via A.Severo, 58 - ROMA (RM) & PERIODICI SAN PAOLO SRL Via Giotto, 36 MILANO & CISF Via Giotto, 36 MILANO & EDIZIONI SAN PAOLO SRL,  Piazza Soncino, 5 CINISELLO BALSAMO (MI) -- ITALY